|
|
|
|
| LEADER |
00000nas a2200000 i 4500 |
| 001 |
ssj0015811 |
| 003 |
WaSeSS |
| 005 |
20200512172242.0 |
| 006 |
m d |
| 007 |
cr n |
| 008 |
010215c19769999dcumx p s o 0 a0eng c |
| 010 |
|
|
|a 2018252073
|
| 022 |
|
|
|y 1550-1140
|
| 035 |
|
|
|a (WaSeSS)ssj0015811
|
| 040 |
|
|
|a QCL
|b eng
|c QCL
|d OCLCQ
|d OCLCF
|d OCLCO
|d TXA
|d CUD
|d OCLCQ
|d UAB
|d Z5A
|d ZAC
|d BRL
|d CUY
|d OCLCQ
|d WAU
|d WaSeSS
|
| 042 |
|
|
|a pcc
|
| 050 |
1 |
4 |
|a BR115.W6
|
| 082 |
1 |
4 |
|a 261.8/05
|2 13
|
| 130 |
0 |
|
|a Sojourners (Washington, D.C.)
|
| 245 |
1 |
0 |
|a Sojourners
|h [electronic resource].
|
| 246 |
1 |
|
|i Title varies, 2001-<2010>:
|a Sojourners magazine
|
| 246 |
1 |
3 |
|a Sojo
|
| 260 |
|
|
|a Washington, DC :
|b Sojourners
|
| 310 |
|
|
|a 11 times a year,
|b 2005-
|
| 321 |
|
|
|a Bimonthly,
|b <1998>-2003
|
| 321 |
|
|
|a Monthly,
|b 2004
|
| 362 |
1 |
|
|a Print began with: Vol. 5, no. 1 (Jan. 1976).
|
| 506 |
|
|
|a License restrictions may limit access.
|
| 588 |
|
|
|a Description based on: Vol. 27, no. 2 (March/April 1998); title from contents PDF (ProQuest, viewed July 3, 2018).
|
| 588 |
|
|
|a Latest issue consulted: Vol. 47, no. 6 (June 2018) (publisher's website, viewed July 3, 2018).
|
| 650 |
|
0 |
|a Christian life
|v Periodicals.
|
| 650 |
|
0 |
|a Church and the world
|v Periodicals.
|
| 650 |
|
0 |
|a Christianity and politics
|v Periodicals.
|
| 650 |
|
0 |
|a Church and social problems
|v Periodicals.
|
| 650 |
|
7 |
|a Christian life.
|2 fast
|0 (OCoLC)fst00859185
|
| 650 |
|
7 |
|a Christianity and politics.
|2 fast
|0 (OCoLC)fst00859736
|
| 650 |
|
7 |
|a Church and social problems.
|2 fast
|0 (OCoLC)fst00860491
|
| 650 |
|
7 |
|a Church and the world.
|2 fast
|0 (OCoLC)fst00860543
|
| 655 |
|
0 |
|a Electronic journals.
|
| 710 |
2 |
|
|a Sojourners Fellowship.
|
| 776 |
0 |
8 |
|i Print version: 1976-2000:
|t Sojourners
|x 0364-2097
|w (DLC) 81641068
|w (OCoLC)1995372
|
| 776 |
0 |
8 |
|i Print version, 2001- :
|t Sojourners magazine
|x 1550-1140
|w (DLC) 2002238169
|w (OCoLC)45923262
|
| 780 |
0 |
0 |
|t Post American
|
| 856 |
4 |
0 |
|z Full text available from Research Library: 01/01/2001 to present
|u https://search.proquest.com/publication/25313
|